| 000 | 00772nam a2200241 a 4500 | ||
|---|---|---|---|
| 001 | 000034962 | ||
| 005 | 20240305135410.0 | ||
| 008 | 111024s1975 ag 000 f spa d | ||
| 040 |
_aDO-SdBNP _bspa _cBNPHU |
||
| 082 |
_aCo863.44 _bG216o, 1975 |
||
| 100 | 1 |
_aGarcía Márquez, Gabriel, _b1928-2014 _d1928- _91804 |
|
| 245 | 1 | 0 |
_aOjos de perro azul / _cGabriel García Márquez. |
| 250 | _a5a. ed. | ||
| 260 |
_aBuenos Aires : _bSudamericana, _c1975. |
||
| 300 |
_a133 p. ; _c17 cm. |
||
| 490 | 0 | _aÍndice | |
| 590 | _aPerteneció a la biblioteca personal de Juan Isidro Jimenes Grullón | ||
| 650 | 2 | 4 |
_aCuentos colombianos _921475 |
| 650 | 2 | 4 |
_aLiteratura colombiana _91244 |
| 830 | 0 |
_aÍndice _960553 |
|
| 910 | _aValidado. Control de calidad MFF | ||
| 049 | _aBNGR | ||
| 999 |
_c34453 _d34453 |
||